000
00231 a2200085 4500
082
_a
665.5388 ASP
245
_a
Asphalt in Hydraulics /
_c
Asphalt Insititute
260
_a
Maryland :
_c
Asphalt Insititute,
_b
1976
300
_a
67p. :
_b
ill. ;
_c
26cm
650
_a
asphalt
999
_c
1716
_d
1716